Manual práctico del test de Rorschach / (Record no. 36734)

MARC details
000 -CABECERA
campo de control de longitud fija 00591nam a2200193 a 4500
005 - FECHA Y HORA DE LA ÚLTIMA TRANSACCIÓN
campo de control 20230602064308.0
008 - ELEMENTOS DE LONGITUD FIJA--INFORMACIÓN GENERAL
campo de control de longitud fija 991125s1979 mad 000 0 spa u
035 ## - NÚMERO DE CONTROL DEL SISTEMA
Número de control de sistema UPN01000036734
049 ## - COLECCIÓN
Colección CG
050 #4 - SIGNATURA TOPOGRÁFICA DE LA BIBLIOTECA DEL CONGRESO
Número de clasificación BF698.8 R5
Número de documento/Ítem L6.48 1979
100 1# - ASIENTO PRINCIPAL--NOMBRE PERSONAL
Nombre de persona Loosli-Usteri, Marguerite
245 10 - MENCIÓN DE TÍTULO
Título Manual práctico del test de Rorschach /
Mención de responsabilidad, etc. Marguerite Loosli-Usteri ; tr. Concepción Sainz-Amor.
250 ## - MENCIÓN DE EDICIÓN
Mención de edición 3a ed.
260 ## - PUBLICACIÓN, DISTRIBUCIÓN, ETC.
Lugar de publicación, distribución, etc. Madrid :
Nombre del editor, distribuidor, etc. Rialp,
Fecha de publicación, distribución, etc. 1979.
300 ## - DESCRIPCIÓN FÍSICA
Extensión 306 p., [5] p. de láms.
440 #0 - MENCIÓN DE SERIE/ASIENTO SECUNDARIO--TÍTULO
Título Hombre y sociedad ;
Designación de volumen o secuencia 9
650 #7 - ASIENTO SECUNDARIO DE MATERIA - TERMINO TEMATICO
Término de materia o nombre geográfico como elemento de entrada Prueba de Rorschach
Fuente del encabezamiento o término
9 (RLIN) 13524
905 ## - TIPO DE MATERIAL
Tipo de material Libro
Holdings
Estado de retiro Estado de pérdida Fuente del sistema de clasificación o colocación Estado dañado No para préstamo Código de colección Localización permanente Ubicación/localización actual Ubicación en estantería Enumeración/cronología de publicación seriada Total de préstamos Clasificación Código de barras Fecha visto por última vez Número de copia Tipo de ítem Koha
    Library of Congress Classification     Colección General Bib. Gregorio Torres Quintero Bib. Gregorio Torres Quintero Planta baja - 6 BF698.8 R5 L6.48 1979 34789 31/12/2020 1 Libro